Chargement en cours...

Gains of genomic research in biology and medicine Proceedings of the nineteenth annual symposium of Ranbaxy Science foundation held on February 4, 2013 in New Delhi

Détails bibliographiques
Auteur principal: Jalali, Rajinder K; ed (ed. by)
Autres auteurs: Mehra, Narinder; ed
Format: Printed Book
Langue:English
Publié: Haryana Ranbaxy Science Foundation 2013
Sujets:
LEADER 00844nam a22001937a 4500
005 20151026133434.0
008 150430b xxu||||| |||| 00| 0 eng d
080 |a 61:575.111  |b JAL 
100 |a Jalali, Rajinder K; ed.  |e ed. by 
245 |a Gains of genomic research in biology and medicine  |b Proceedings of the nineteenth annual symposium of Ranbaxy Science foundation held on February 4, 2013 in New Delhi  |c Rajinder K. Jalai and Narinder Mehra 
260 |a Haryana  |b Ranbaxy Science Foundation  |c 2013 
300 |a 228p. 
653 |a Genetic medicine - Conferences 
653 |a Medical genomics - Conferences 
653 |a Genomic research - Conferences 
700 |a Mehra, Narinder; ed. 
942 |c BK  |6 _ 
999 |c 71186  |d 71186 
952 |0 0  |1 0  |2 udc  |4 0  |6 61575111_JAL  |7 0  |9 83159  |a UL  |b UL  |d 2015-04-30  |o 61:575.111 JAL  |p G0010072  |r 2015-04-30  |w 2015-04-30  |y BK